Statistics for Philadelphia 76ers All-NBA Players

Click here to take the quiz!

General Stats

  • This quiz has been taken 24 times
    (4 since last reset)
  • The average score is 9 of 15

Answer Stats

Player % Correct
Ben Simmons
100%
Joel Embiid
100%
Moses Malone
100%
Julius Erving
100%
Wilt Chamberlain
100%
Allen Iverson
75%
Dikembe Mutombo
75%
Charles Barkley
75%
Billy Cunningham
50%
Hal Greer
50%
George McGinnis
25%
Dolph Schayes
25%
Larry Costello
0%
Paul Seymour
0%
Al Cervi
0%

Score Distribution

Percentile by Number Answered

Percent of People with Each Score

Your Score History

You have not taken this quiz since the last reset